00487nam a2200193 a 4500001001300000003000900013005001700022008004100039020001000080082001600090100001700106245001800123260006000141300000800201500003500209505001000244650002200254700001700276nice12345678IN_TiNIC20260116013009.0050524s1976 bria grp 000 0 eng  ac10000a269.2bBRO1 aBrown, David aNew Threshold aBritainbBritish Council of Churches and the Confc1976 a41p aincludes index and biblioraphy2 aIndex aEvangelistic Work1 aBrown, David